| 000 | 00519nam a22001697a 4500 | ||
|---|---|---|---|
| 005 | 20240919081447.0 | ||
| 008 | 231208b |||||||| |||| 00| 0 eng d | ||
| 020 | _a0409017019 ; 0409016284 | ||
| 041 | _aEnglish | ||
| 082 | _a349 BUT | ||
| 100 |
_aGosai, L _lEnglish |
||
| 245 |
_aButterworths Forms and Precedents : _b Citizenship _cL Gosai |
||
| 260 |
_aDurban : _bLexisNexis Butterworths, _c1998 |
||
| 300 |
_bii, _c26 cm. |
||
| 650 |
_aLegal practice _bLaw |
||
| 942 |
_cBK _6ALISON_BN_VRIES |
||
| 999 |
_c1170 _d1170 |
||